Nguyễn Khắc viện tác phẩm Tập 2 Chân dung và kỷ niệm
v.v...
Đã lưu trong:
| Tác giả chính: | |
|---|---|
| Định dạng: | Sách |
| Năm xuất bản: |
H.
Lao động
2003
|
| Chủ đề: | |
| Tags: |
Thêm thẻ
Không có thẻ, Hãy là người đầu tiên gắn thẻ bản ghi này!
|
| LEADER | 00902nam a2200217 4500 | ||
|---|---|---|---|
| 999 | |c 10868 |d 10868 | ||
| 082 | |a 306.092 |b NG527KH | ||
| 100 | |a Nguyễn Khắc Viện | ||
| 245 | |a Nguyễn Khắc viện tác phẩm |c Nguyễn Khắc Viện |n Tập 2 |p Chân dung và kỷ niệm | ||
| 260 | |a H. |b Lao động |c 2003 | ||
| 300 | |a 432 tr. |c 21 cm. | ||
| 520 | |a v.v... | ||
| 653 | |a Văn hóa | ||
| 653 | |a Nhà văn hóa | ||
| 653 | |a Nguyễn Khắc Viện | ||
| 653 | |a 1913-1997 | ||
| 653 | |a Chân dung | ||
| 653 | |a Kỷ niệm | ||
| 942 | |2 ddc |c STK0 | ||
| 952 | |0 0 |1 0 |2 ddc |4 0 |6 306_092000000000000_NG527KH |7 0 |8 300 |9 93662 |a qbu |b qbu |c D2 |d 2015-09-14 |g 70000 |o 306.092 NG527KH |p 10798.c1 |w 2015-09-14 |y STK0 |0 0 |6 306_000000000000000_NG527KH | ||
| 952 | |0 0 |1 0 |2 ddc |4 0 |6 306_092000000000000_NG527KH |7 0 |8 300 |9 93663 |a qbu |b qbu |c D2 |d 2015-09-14 |g 70000 |o 306.092 NG527KH |p 10798.c2 |w 2015-09-14 |y STK0 |0 0 |6 306_000000000000000_NG527KH | ||